| 000 | 01335nam a2200181Ia 4500 | ||
|---|---|---|---|
| 008 | 151202s9999||||xx |||||||||||||| ||und|| | ||
| 082 | _bPNVM-122690 | ||
| 100 | _a"गोविंदानंद सरस्वती परमार्थनिकेतन,स्वर्गाश्रम हृषीकेश,उत्तराखंड." | ||
| 245 | _aअद्वैत अर्थात एक सत्तावाद कृ.ध.चित्र 1. | ||
| 260 | _b"गोविंदानंद सरस्वती परमार्थ निकेतन,स्वर्गाश्रम हृषीकेश,उत्तराखंड." | ||
| 260 | _c1962 | ||
| 300 | _a258 | ||
| 600 | _a"गोविंदानंद सरस्वती परमार्थनिकेतन,स्वर्गाश्रम हृषीकेश,उत्तराखंड." | ||
| 630 | _aअद्वैत अर्थात एक सत्तावाद कृ.ध.चित्र 1. | ||
| 700 | _a"गोविंदानंद सरस्वती परमार्थनिकेतन,स्वर्गाश्रम हृषीकेश,उत्तराखंड." | ||
| 730 | _aअद्वैत अर्थात एक सत्तावाद कृ.ध.चित्र 1. | ||
| 942 | _cBOOK | ||
| 999 |
_c1352819 _d1352816 |
||